Most Popular Baby Girl Names in Texas (2022) - Statistics

General Stats
  • This quiz has been taken 668 times
    376 since last reset
  • The average score is 96 of 200
Answer Stats
Name % Correct
1 O Olivia
97%
2 E Emma
93%
126 I Isabel
89%
181 I Isabelle
89%
4 I Isabella
87%
11 C Charlotte
85%
44 L Lily
84%
14 E Emily
82%
10 A Ava
81%
142 E Eliza
81%
8 S Sofia
81%
6 S Sophia
81%
15 E Elizabeth
79%
41 E Ella
79%
5 M Mia
79%
185 S Sara
79%
95 S Sarah
79%
24 Z Zoe
79%
59 Z Zoey
79%
87 A Ana
78%
97 A Anna
78%
33 C Chloe
78%
53 G Grace
78%
175 K Khloe
78%
16 V Victoria
78%
7 A Amelia
76%
36 E Emilia
76%
106 E Eva
76%
12 E Evelyn
73%
46 H Hannah
72%
45 M Maria
72%
23 A Abigail
71%
39 M Madison
71%
120 K Katherine
70%
26 P Penelope
70%
32 V Violet
70%
19 A Aria
69%
98 A Arya
69%
42 L Leah
68%
145 L Lia
68%
71 A Alice
67%
38 E Ellie
67%
184 M Mary
67%
81 L Lillian
65%
94 L Lucy
65%
164 R Rose
65%
132 A Alexandra
64%
134 A Ayla
64%
79 I Isla
64%
20 A Avery
63%
51 I Ivy
63%
100 J Julia
63%
68 S Samantha
63%
110 S Sophie
63%
31 E Eleanor
62%
29 H Harper
62%
9 L Luna
62%
3 C Camila
61%
13 G Gianna
61%
85 K Kamila
61%
55 N Natalie
61%
50 A Ariana
60%
103 A Arianna
60%
84 H Hailey
60%
62 N Nora
60%
54 A Allison
59%
27 L Layla
59%
153 A Amy
58%
61 M Maya
58%
18 M Mila
58%
63 A Addison
57%
83 C Caroline
57%
49 R Riley
57%
146 R Rylee
57%
101 C Claire
56%
108 M Madeline
56%
60 M Madelyn
56%
122 V Vivian
55%
90 A Ashley
54%
117 L Lyla
54%
76 B Bella
53%
144 C Clara
53%
96 G Gabriella
53%
99 R Ruby
53%
78 W Willow
53%
66 A Audrey
52%
119 D Daisy
52%
116 S Savannah
52%
37 N Natalia
51%
58 S Stella
51%
113 I Iris
50%
17 S Scarlett
50%
123 D Daniela
49%
189 A Annie
48%
88 A Aubrey
48%
136 C Cora
48%
52 D Delilah
48%
196 J Juliet
48%
135 J Juliette
48%
195 G Georgia
47%
73 L Liliana
47%
48 N Naomi
47%
161 Q Quinn
47%
28 A Aurora
46%
22 E Elena
46%
35 H Hazel
46%
25 E Eliana
45%
178 E Elianna
45%
124 E Elliana
45%
82 N Nevaeh
45%
67 P Paisley
45%
111 S Sadie
45%
127 V Valerie
45%
57 A Aaliyah
44%
160 A Adalyn
44%
86 A Adalynn
44%
102 A Adeline
44%
192 A Adelyn
44%
165 A Aliyah
44%
107 A Angela
44%
140 C Charlie
44%
182 F Faith
44%
89 B Brooklyn
43%
187 D Diana
43%
75 J Jade
43%
121 K Kaylee
43%
40 N Nova
43%
56 A Andrea
41%
176 A Ariel
41%
80 A Autumn
40%
128 B Brianna
40%
197 P Peyton
40%
30 V Valentina
40%
43 X Ximena
40%
114 E Everleigh
39%
65 E Everly
39%
152 J Jasmine
39%
141 J Josephine
39%
156 K Kimberly
39%
168 P Piper
38%
69 V Valeria
37%
154 E Eloise
36%
72 L Lucia
36%
157 L Lydia
36%
171 J Juliana
35%
115 K Kennedy
35%
64 M Melanie
35%
162 S Summer
35%
194 E Emersyn
34%
74 E Emery
32%
137 E Eden
31%
180 J Josie
31%
190 M Millie
31%
148 B Brielle
30%
163 C Carolina
30%
34 G Genesis
30%
149 H Hadley
30%
92 M Melody
30%
104 P Parker
29%
172 R Reagan
29%
118 S Skylar
29%
167 A Arabella
28%
133 A Ariella
28%
91 K Kinsley
28%
191 R Rosalie
28%
105 A Alina
26%
169 A Amaya
26%
198 S Sage
25%
70 A Athena
24%
21 L Leilani
24%
151 A Amara
23%
129 M Mariana
23%
77 S Serenity
23%
159 A Anastasia
22%
188 R River
22%
199 J Juniper
21%
193 P Presley
19%
112 A Alaia
18%
147 R Remi
17%
47 C Catalina
15%
170 G Giselle
15%
130 K Kailani
15%
186 K Katalina
15%
173 K Kaylani
15%
138 K Kehlani
15%
139 R Raelynn
15%
166 S Sloane
15%
183 A Alessandra
13%
177 D Danna
12%
155 J Julieta
12%
174 S Samara
10%
109 A Alani
9%
93 R Regina
9%
131 A Aitana
7%
150 C Cataleya
7%
200 M Magnolia
7%
158 D Daleyza
6%
143 F Fernanda
6%
179 N Nayeli
6%
125 R Renata
5%
No matching quizzes found
Score Distribution
Percent of People with Each Score
Percentile by Number Answered
Your Score History
You have not taken this quiz since the last reset